| 000 | 00898nam a2200313 a 4500 | ||
|---|---|---|---|
| 003 | AR-BaBNM | ||
| 005 | 20251128210434.0 | ||
| 008 | 082120s2002 ||||||||||||||000 | spa|| | ||
| 020 | _a84-309-2812-X | ||
| 040 | _cAR-BaBNM | ||
| 245 | 0 | 0 |
_aRazón, tradición y modernidad _bre-visión de la ilustración hispánica |
| 260 |
_aMadrid _bTecnos _c1996 |
||
| 300 |
_a297 p. _bil. |
||
| 490 | 0 | _aSemilla y surco | |
| 500 | _aContiene referencias bibliográficas | ||
| 650 | 4 | _aLITERATURA ESPAÑOLA | |
| 650 | 4 | _aCRITICA LITERARIA | |
| 650 | 4 | _aHISTORIA LITERARIA | |
| 650 | 4 | _aFILOSOFIA LITERARIA | |
| 650 | 4 | _aESTETICA | |
| 650 | 4 | _aCRITICA DE ARTE | |
| 653 | _aCRITICA FILOSOFICA | ||
| 655 | _aLITERATURA | ||
| 700 | 1 |
_aLa Rubia Prado, Francisco _edirector |
|
| 700 | 1 |
_aTorrecilla, Jesús _edirector |
|
| 800 | 1 |
_aRogel Vide, Carlos _edirector |
|
| 942 | _cBK | ||
| 998 | _cMARTIN | ||
| 999 |
_c15490 _d15490 |
||